|
|
|
|
| LEADER |
00000cas a2200000 a 4500 |
| 001 |
vtls008883551 |
| 003 |
SK-MaSNL |
| 005 |
20260228162157.0 |
| 008 |
021029d20022003xo ar par 0 0 b0sloo |
| 022 |
|
|
|a 1336-0442
|
| 035 |
|
|
|a (SVKBB03)vtls000133538
|
| 040 |
|
|
|a SVKBB
|b slo
|c SVKBB
|d SNK
|e AACR2
|
| 041 |
0 |
|
|a slo
|
| 044 |
|
|
|a xo
|c SK
|
| 072 |
|
7 |
|a 659
|x Reklama. Public relations. Médiá
|2 konspekt
|
| 080 |
|
|
|a 659.1
|2 2011
|
| 080 |
|
|
|a (051)
|2 2011
|
| 210 |
0 |
|
|a Defilé
|b (Bratisl.)
|
| 222 |
|
0 |
|a Defilé
|b (Bratislava)
|
| 245 |
0 |
0 |
|a Defilé
|b galéria exkluzívnej prezentácie
|
| 260 |
|
|
|a Bratislava
|b DobaPre
|c 2002-2003
|
| 300 |
|
|
|a 2 zv.
|c 30 cm
|
| 310 |
|
|
|a 1x ročne
|
| 362 |
0 |
|
|a Roč. 1, č. 0 (2002)-roč. 2, č. 1 (2003)
|
| 500 |
|
|
|a Šéfredaktorka: Iveta Dobálová
|
| 500 |
|
|
|a Registračné č. MK SR: 2667/2001
|
| 650 |
0 |
7 |
|a reklama a propagácia
|2 SNKPH
|9 66573
|
| 655 |
|
7 |
|a časopisy
|2 SNKPH
|9 76610
|
| 700 |
1 |
|
|a Dobálová, Iveta
|4 pbd
|9 270513
|
| 910 |
|
|
|a snk
|
| 999 |
|
|
|c 7012
|d 8942
|
| 952 |
|
|
|0 0
|1 0
|4 0
|7 0
|8 0
|a SNK
|b SNK
|d 2018-11-21
|i snk2018/24828
|l 0
|o snkČSB 6882/1/2002
|p 17A1341151
|r 2026-02-21 22:05:57
|t č. 0
|w 2026-02-21
|y PREZ
|
| 952 |
|
|
|0 0
|1 0
|4 0
|7 0
|8 0
|a SNK
|b SNK
|d 2018-11-21
|i snk2018/24829
|l 0
|o snkČSB 6882/1/2002 D1
|p 17A1341150
|r 2026-02-21 22:05:57
|t č. 0
|w 2026-02-21
|y PREZ
|
| 952 |
|
|
|0 0
|1 0
|4 0
|7 0
|8 0
|a SNK
|b SNK
|d 2018-11-21
|i snk2018/24830
|l 0
|o snkČSB 6882/2/2003
|p 17A1341149
|r 2026-02-21 22:05:57
|t č. 1
|w 2026-02-21
|y PREZ
|
| 952 |
|
|
|0 0
|1 0
|4 0
|7 0
|8 0
|a SNK
|b SNK
|d 2018-11-21
|i snk2018/24831
|l 0
|o snkČSB 6882/2/2003 D1
|p 17A1341148
|r 2026-02-21 22:05:57
|t č. 1
|w 2026-02-21
|y PREZ
|